000 00961nam a2200301 a 4500
008
020 _a9780521631990 (hardback)
040 _aNUST
_cNUST
049 _aMAIN
090 _aP291
_bVAN
100 1 _aVan Valin, Robert D.,
_aauthor.
245 1 0 _aAn introduction to syntax/
_c Robert D Van Valin.
260 _aCambridge :
_bCambridge University Press,
_c2001.
300 _axvi, 239 pages :
_billustrations ;
_c27 cm.
336 _atext
_btxt
_2rdacontent
337 _aunmediated
_bn
_2rdamedia
338 _avolume
_bnc
_2rdacarrier
500 _aIncludes index.
504 _aIncludes bibliographical references.
650 1 _aGrammar, comperative and general
_xSyntax.
650 _aDependency grammar.
650 _aGenerative grammar.
650 _aLexical-functional grammar.
907 _a.b10401167
_b22-04-21
_c22-04-21
003
005 20230123141152.0
942 _cBOOKS
_kP291
_mVAN
999 _c168849
_d168849